| 000 | 00590nam a2200217 4500 | ||
|---|---|---|---|
| 008 | b xx# fre u | ||
| 010 | _a8236 | ||
| 020 | _a2030703141 | ||
| 020 | _a9782030703144 | ||
| 040 | _aLB-BrCRDP | ||
| 082 | _a401.43/G824s | ||
| 100 | 1 | _aGreimas, Algirdas Julien | |
| 130 | 1 | _lFR | |
| 245 | 1 | 0 |
_aSémantique structurale _brecherche de méthode _cAlgirdas Julien Greimas |
| 260 |
_aParis _bLarousse _c1974, c1966 |
||
| 300 |
_a262p. ; _c21cm |
||
| 490 | 0 | _aLangue et langage | |
| 650 | _aSémantique | ||
| 942 | _cBK | ||
| 999 |
_c12603 _d12603 |
||